000 00362nam a2200145Ia 4500
008 150201s1976 xx 000 0 und d
082 _a615
_bP1976S
100 _aSANTOSKAR,R.S.
245 _aPHARMACOLOGY & PHARMACOTHERAPEUTICS-2
250 _a5TH
260 _bPOPULAR PRAKASHAN
_aMUMBAI
_c1976
300 _a1-312
650 _aPHARMACOLOGY
942 _2ddc
_cBK
999 _c3510
_d3510